Textbook of Child Health Nursing-I for BSc Nursing Students Semester-V (Record no. 357098)

MARC details
000 -LEADER
fixed length control field 00568nam a22002057a 4500
005 - DATE AND TIME OF LATEST TRANSACTION
control field 20260220103844.0
008 - FIXED-LENGTH DATA ELEMENTS--GENERAL INFORMATION
fixed length control field 240214b |||||||| |||| 00| 0 eng d
020 ## - INTERNATIONAL STANDARD BOOK NUMBER
International Standard Book Number 978-93-92242-68-7
041 ## - LANGUAGE CODE
Language code of text/sound track or separate title Eng
082 ## - DEWEY DECIMAL CLASSIFICATION NUMBER
Classification number 618.23
Edition number 23
100 ## - MAIN ENTRY--PERSONAL NAME
Author Sasmal Suvashri
245 ## - TITLE STATEMENT
Title Textbook of Child Health Nursing-I for BSc Nursing Students Semester-V
250 ## - EDITION STATEMENT
Edition statement 1st Edition
260 ## - PUBLICATION, DISTRIBUTION, ETC.
Name of publisher, distributor, etc. Vision Health Sciences Publishers
Date of publication, distribution, etc. 2024
Place of publication, distribution, etc. Punjab
300 ## - PHYSICAL DESCRIPTION
Extent 390p
365 ## - TRADE PRICE
Price amount 725.00
650 ## - SUBJECT ADDED ENTRY--TOPICAL TERM
Topical term or geographic name entry element Child Health Nursing
651 ## - SUBJECT ADDED ENTRY--GEOGRAPHIC NAME
Geographic name Child Health Nursing
942 ## - ADDED ENTRY ELEMENTS (KOHA)
Koha item type Books
Holdings
Withdrawn status Lost status Source of classification or shelving scheme Damaged status Not for loan Home library Current library Date acquired Net Price Bill number Total Checkouts Total Renewals Full call number Barcode Date last seen Date last checked out Bill Date Koha item type Original Barcode Vendor Date due Actual Price
    Dewey Decimal Classification     Sitabai Nargundkar College of Nursing Nagpur Sitabai Nargundkar College of Nursing Nagpur 25/09/2025 507.50   1   618.23/SAS SNCN-BK-3619 06/11/2025 06/11/2025 25/09/2025 Books   108 06/12/2025 725.00
    Dewey Decimal Classification     Sitabai Nargundkar College of Nursing Nagpur Sitabai Nargundkar College of Nursing Nagpur 25/09/2025 507.50   1   618.23/SAS SNCN-BK-3620 03/12/2025 24/11/2025 25/09/2025 Books   108   725.00
    Dewey Decimal Classification     Sitabai Nargundkar College of Nursing Nagpur Sitabai Nargundkar College of Nursing Nagpur 25/09/2025 507.50       618.23/SAS SNCN-BK-3618 25/09/2025   25/09/2025 Reference book   108   725.00
    Dewey Decimal Classification     Sitabai Nargundkar College of Nursing Nagpur Sitabai Nargundkar College of Nursing Nagpur 25/09/2025 507.50   2   618.23/SAS SNCN-BK-3622 27/02/2026 17/02/2026 25/09/2025 Books   108   725.00
    Dewey Decimal Classification     Sitabai Nargundkar College of Nursing Nagpur Sitabai Nargundkar College of Nursing Nagpur 25/09/2025 507.50       618.23/SAS SNCN-BK-3621 25/09/2025   25/09/2025 Books   108   725.00
    Dewey Decimal Classification     Smt. Bakul Tambat Institute of Nursing Education Smt. Bakul Tambat Institute of Nursing Education 13/02/2024 725.00 68 12 12 P 610.7362 SAS DB1232 BTIN-DB-1232 03/12/2025 26/08/2025 14/02/2024 Donated Book DB1232      
    Dewey Decimal Classification     Smt. Bakul Tambat Institute of Nursing Education Smt. Bakul Tambat Institute of Nursing Education 04/06/2025 725.00 IK#2025-26#550 3 5 P 610.7362 SAS DB1347 BTIN-DB-1347 03/12/2025 26/08/2025 04/06/2025 Donated Book DB1347